000 00350pam a2200157a 44500
008 230515b2010 xxu||||| |||| 00| 0 eng d
020 _aNULL
041 _aMARATHI
082 _a830 PAW
100 _aJ K PAWAR
245 _aBHARAT WAY WARSHE 60 YEAR 1947 TO 2007
250 _a1
260 _aNULL
_bNA
_c2010
300 _a360
650 _aNULL
999 _c640940
_d640940